000
00191 a2200097 4500
020
_a
9788413182896
041
_a
spa
100
_a
ORO, Begona
245
_a
Las Olimpiadas de Rasi
942
_c
BK
999
_c
26503
_d
26503